Normal view
MARC view
Entry Personal Name
001 - CONTROL NUMBER
- control field: 4836
003 - CONTROL NUMBER IDENTIFIER
- control field: ARRUPE
005 - DATE AND TIME OF LATEST TRANSACTION
- control field: 20131203171013.0
008 - FIXED-LENGTH DATA ELEMENTS
- fixed length control field: 131203|| aca||aabn | a|a d
040 ## - CATALOGING SOURCE
- Original cataloging agency: ARRUPE
- Transcribing agency: ARRUPE
100 ## - HEADING--PERSONAL NAME
- Personal name: Brockman,John
670 ## - SOURCE DATA FOUND
- Source citation: Work cat.: (ARRUPE): Brockman,John , How is the internet changing the way you think, 2011